|
|
|
|
| LEADER |
01084nam a22002897a 4500 |
| 001 |
37972 |
| 003 |
BD-DhAAL |
| 005 |
20220303145820.0 |
| 008 |
220303t1959 enk 000 0 eng d |
| 999 |
|
|
|c 43650
|d 43650
|
| 035 |
|
|
|a (OCoLC)1490383
|
| 040 |
|
|
|a BD-DhAAL
|
| 042 |
|
|
|a premarc
|
| 050 |
0 |
0 |
|a PR4426
|b .A1 1928
|
| 082 |
|
|
|a 824.82
|
| 100 |
1 |
|
|a Carlyle, Thomas,
|d 1795-1881.
|9 46369
|
| 245 |
1 |
0 |
|a On heroes, hero worship and the heroic in history,
|c Thomas Carlyle.
|
| 260 |
|
|
|a London :
|b Oxford University Press,
|c 1959.
|
| 300 |
|
|
|a 320 pages ;
|c 16 cm.
|
| 490 |
|
|
|a The World's classics,
|v 62
|
| 500 |
|
|
|a "In T̀he World's classics ́... first published in 1904, and reprinted in ... 1928."
|
| 541 |
|
|
|a Donated by Akbar Ali Khan
|e 37972
|
| 650 |
|
0 |
|a Heroes.
|9 46370
|
| 830 |
|
|
|a The World's classics, 62
|9 46371
|
| 852 |
|
|
|a Ayesha Abed Library
|c Akbar Ali Khan Collection
|
| 942 |
|
|
|2 ddc
|c BK
|
| 952 |
|
|
|0 0
|1 0
|2 ddc
|4 0
|6 824_820000000000000_CAR
|7 1
|9 69980
|a BRACUL
|b BRACUL
|c AAKC
|d 2022-03-03
|e Donated by Akbar Ali Khan
|l 0
|o 824.82 CAR
|p 3010037972
|r 2022-03-03
|t 1
|w 2022-03-03
|y BK
|